Movies Quiz

Random Movies or Song Quiz

Next 5 Words: Disney Songs Quiz Stats

 Plays Quiz Updated Mar 30, 2014

Also try: Disney Song Mania
Challenge
Share
Tweet
Embed
Score 0/80 Timer 10:00
1 Play Today
% Correct
a
96.8%
a
96.8%
A
96.8%
The
96.1%
the
96.1%
the
96.1%
I
95.9%
I
95.9%
I
95.9%
the
93.4%
Who
91%
who
91%
who
91%
colors
88.7%
the
88.6%
of
88.4%
On
87.2%
On
87.2%
of
86.7%
of
86.7%
carpet
84.3%
magic
84.3%
ride
84.1%
As
84.1%
girl
83.5%
has
82.5%
everything
81.6%
be
79.8%
When
79.7%
wind?
78.6%
for
77.8%
sons?
77.2%
know
75.5%
will
74.7%
asked
74.4%
it's
71%
its
71%
is
70.8%
is
70.8%
Where
69.7%
% Correct
where
69.7%
sun
67.4%
And
67.4%
can
67.1%
rise
66.6%
at
63.6%
knows
63.1%
what
59%
If
56.7%
man?
54.1%
strong
53.3%
No
53.2%
all
52.8%
With
51.7%
do
51.2%
notte
46.7%
this
45.4%
I'm
44.6%
things
44.6%
around
43.5%
bella
42.8%
world
42.7%
living
42.4%
you'll
41%
how
40.4%
my
40.4%
tired
40.1%
too
39.7%
Just
39.5%
monkin'
34.9%
been
32.5%
own
31.4%
extreme
31.3%
I've
31.1%
lovely
28.6%
request
27.3%
blind
26.8%
shine!
26.5%
diamonds
26%
million
25.6%

You're not logged in!

Compare scores with friends on all Sporcle quizzes.
Join for Free
OR
Log In

You Might Also Like...

Show Comments

Extras

Top Quizzes Today


Score Distribution

Your Account Isn't Verified!

In order to create a playlist on Sporcle, you need to verify the email address you used during registration. Go to your Sporcle Settings to finish the process.

Report this User

Report this user for behavior that violates our Community Guidelines.

Details: